[Event "AUTO-ADV-3102"]
[Site "http://www.queenalice.com/game.php?id=1265247"]
[Date "2014.3.15"]
[Round "1"]
[White "ggg09"]
[Black "worldwide"]
[Result "1-0"]
[WhiteElo "1740"]
[BlackElo "1899"]

1. e4 e6 2. d4 d5 3. Nc3 c5 4. Bb5+ Nd7 5. exd5 exd5 6. Nxd5 cxd4 7. Qxd4 Ne7 8.
Nf3 Nxd5 9. Qxd5 Be7 10. Ne5 Rf8 11. O-O 1-0

[Event "AUTO-ADV-3102"]
[Site "http://www.queenalice.com/game.php?id=1265262"]
[Date "2014.3.15"]
[Round "1"]
[White "duschgel"]
[Black "ggg09"]
[Result "1-0"]
[WhiteElo "1984"]
[BlackElo "1871"]

1. c4 c5 2. g3 Nc6 3. Bg2 g6 4. Nc3 Bg7 5. e4 Nf6 6. d3 d6 7. Nge2 O-O 8. O-O
Rb8 9. f4 Bg4 10. h3 Bxe2 11. Nxe2 e6 12. g4 a6 13. f5 Ne5 14. Ng3 h5 15. g5 Nh7
16. f6 Nxf6 17. gxf6 Bxf6 18. Bh6 Bg7 19. Bxg7 Kxg7 20. Bf3 Qg5 21. Kh2 h4 22.
Nh1 Qf4+ 23. Kg2 Rh8 24. Qe2 Nxf3 25. Qxf3 Qg5+ 26. Kh2 f5 27. exf5 exf5 28.
Rae1 Rbe8 29. Qxb7+ Kf6 30. Rxe8 Rxe8 31. Qg2 Qh5 32. Rf2 Re6 33. Qf3 Qg5 34.
Rg2 Qc1 35. Rg1 Qxb2+ 36. Rg2 Qe5+ 37. Kg1 Qe1+ 38. Qf1 Qxf1+ 39. Kxf1 Re3 40.
Nf2 g5 41. a4 a5 42. Rg1 Rf3 43. Ke2 Rg3 44. Rb1 g4 45. hxg4 fxg4 46. Ne4+ Kf5
47. Nxg3+ hxg3 48. Rb5 1-0

[Event "AUTO-ADV-3102"]
[Site "http://www.queenalice.com/game.php?id=1265263"]
[Date "2014.3.15"]
[Round "1"]
[White "ggg09"]
[Black "duschgel"]
[Result "0-1"]
[WhiteElo "1898"]
[BlackElo "1994"]

1. e4 c6 2. d4 d5 3. Nc3 g6 4. e5 Bg7 5. f4 h5 6. Be3 Nh6 7. Nf3 Bg4 8. h3 Bxf3
9. Qxf3 O-O 10. Bd3 e6 11. O-O-O b5 12. g4 hxg4 13. hxg4 a5 14. Qh3 f5 15. gxf5
Nxf5 16. Bxf5 gxf5 17. Qh7+ Kf7 18. Rh6 Rh8 19. Rf6+ Qxf6 20. Qxh8 Bxh8 21. exf6
Bxf6 22. Rh1 Nd7 23. a3 b4 24. axb4 axb4 25. Nb1 Rg8 26. Nd2 Rg3 27. Nf1 Rf3 28.
Kd1 Rxe3 29. Nxe3 Bxd4 30. Rh7+ Ke8 31. Ke2 Bxb2 32. Rh8+ Bxh8 0-1

[Event "AUTO-ADV-3102"]
[Site "http://www.queenalice.com/game.php?id=1265274"]
[Date "2014.3.15"]
[Round "1"]
[White "ggg09"]
[Black "thw"]
[Result "1/2-1/2"]
[WhiteElo "1871"]
[BlackElo "1774"]

1. e4 c5 2. Nf3 d6 3. d4 cxd4 4. Nxd4 Nf6 5. Nc3 a6 6. Bg5 e6 7. Qf3 Be7 8. Bxf6
Bxf6 9. Nb3 O-O 10. Bd3 Nc6 11. O-O Bxc3 12. bxc3 Ne5 13. Qg3 Ng6 14. f4 Qc7 15.
f5 exf5 16. exf5 Ne5 17. c4 Bd7 18. f6 Ng6 19. Bxg6 hxg6 20. fxg7 Kxg7 21. c5
Bb5 22. Rfe1 Rad8 23. Rad1 Rfe8 24. Qc3+ Kg8 25. Rxe8+ Rxe8 26. Rxd6 Qe7 27. Rd1
Bc6 28. Nd4 Bd5 29. a3 Qe4 30. Qg3 Qe3+ 31. Qxe3 Rxe3 32. Rd3 Re5 33. Nb3 Bxb3
34. Rxb3 Rxc5 35. Rxb7 Rxc2 36. Ra7 Rc6 37. Kf2 Kg7 38. h4 Kf6 39. g4 Ke6 40.
Ke2 f5 41. gxf5+ gxf5 42. h5 Ke5 43. Re7+ Kf6 44. Ra7 Kg5 45. Rh7 Rh6 46. Rxh6
Kxh6 47. Ke3 Kxh5 48. Kf4 Kg6 49. a4 a5 50. Kf3 Kg5 51. Kg3 f4+ 52. Kf2 Kg4 53.
Kg2 f3+ 54. Kf2 Kf4 55. Kf1 Ke3 56. Ke1 Kd3 57. Kf2 Kc3 58. Kxf3 Kb3 59. Ke2
Kxa4 60. Kd2 Kb3 61. Kc1 Ka2 62. Kc2 1/2-1/2

[Event "AUTO-ADV-3102"]
[Site "http://www.queenalice.com/game.php?id=1265275"]
[Date "2014.3.15"]
[Round "1"]
[White "thw"]
[Black "ggg09"]
[Result "1-0"]
[WhiteElo "1842"]
[BlackElo "1752"]

1. e4 e6 2. d4 d5 3. Nc3 Bb4 4. exd5 exd5 5. Bd2 c5 6. Bb5+ Bd7 7. Qe2+ Ne7 8.
Nxd5 Bxd2+ 9. Kxd2 Bxb5 10. Qxb5+ Nbc6 11. Nxe7 Qxd4+ 12. Kc1 Qf4+ 13. Kb1 Qxf2
14. Nf3 Qxg2 15. Re1 Qxf3 16. Nxc6+ Kf8 17. Qxc5+ 1-0

[Event "AUTO-OPEN-3212"]
[Site "http://www.queenalice.com/game.php?id=1265427"]
[Date "2014.3.16"]
[Round "1"]
[White "C5"]
[Black "ggg09"]
[Result "1-0"]
[WhiteElo "1814"]
[BlackElo "1785"]

1. e4 e6 2. d4 d5 3. e5 c5 4. c3 Qb6 5. Nf3 Bd7 6. Be2 Nc6 7. O-O Nge7 8. b3 Nf5
9. Be3 Nxe3 10. fxe3 c4 11. bxc4 Qb2 12. Nbd2 Qxc3 13. cxd5 Qxe3+ 14. Kh1 exd5
15. Bb5 Nxd4 16. Bxd7+ Kxd7 17. Qa4+ Nc6 18. Rae1 Qb6 19. e6+ fxe6 20. Ne5+ Kc7
21. Rf7+ Kc8 22. Rc1 Qb4 23. Rxc6+ Kd8 24. Rd7+ Ke8 25. Rxe6+ Qe7 26. Rdxe7+ 1-0

[Event "AUTO-OPEN-3212"]
[Site "http://www.queenalice.com/game.php?id=1265428"]
[Date "2014.3.16"]
[Round "1"]
[White "ggg09"]
[Black "C5"]
[Result "0-1"]
[WhiteElo "1742"]
[BlackElo "1825"]

1. e4 e5 2. Nf3 d6 3. d4 Qe7 4. dxe5 dxe5 5. Bc4 h6 6. Nc3 c6 7. a3 Bg4 8. h3
Bxf3 9. Qxf3 Nf6 10. O-O Qc5 11. Ba2 Be7 12. b4 Qb6 13. Be3 Qc7 14. Rac1 O-O 15.
Na4 Nbd7 16. c4 c5 17. b5 b6 18. Nc3 Rad8 19. Nd5 Nxd5 20. cxd5 Qd6 21. Rc4 Bf6
22. Qg3 Kh7 23. f4 Qe7 24. f5 Bg5 25. Bxg5 Qxg5 26. Qxg5 hxg5 27. Bb3 Nf6 28.
Rf3 Rd6 29. Rg3 Kh6 30. Bc2 Nh5 31. Rg4 f6 32. h4 Nf4 33. g3 Nh5 34. hxg5+ fxg5
35. Bd1 g6 36. fxg6 Rxg6 37. Rc2 Rgf6 38. Kg2 Rf1 39. Rd2 R1f7 40. Re2 Nf6 41.
Re1 Nxg4 42. Bxg4 Rf2+ 43. Kh3 Ra2 44. Rh1 Rh8 45. Bf5 Kg7+ 0-1

[Event "AUTO-OPEN-3212"]
[Site "http://www.queenalice.com/game.php?id=1265445"]
[Date "2014.3.16"]
[Round "1"]
[White "CCapivara"]
[Black "ggg09"]
[Result "1-0"]
[WhiteElo "2192"]
[BlackElo "1787"]

1. e4 e6 2. d4 d5 3. exd5 exd5 4. Nf3 Bd6 5. Bd3 Nf6 6. O-O O-O 7. Bg5 Bg4 8.
Nbd2 Nbd7 9. c3 c6 10. Re1 h6 11. Bh4 Bf4 12. Qa4 Qb6 13. Qc2 Bxf3 14. Nxf3 Qc7
15. Re2 Ng4 16. h3 Nh2 17. Nxh2 Bxh2+ 18. Kh1 g5 19. Bf5 Nf6 20. g3 gxh4 21.
Kxh2 hxg3+ 22. fxg3 h5 23. Qd2 Nh7 24. Qh6 f6 25. Rae1 Ng5 26. Re7 Nf3+ 27. Kh1
Rf7 28. Qg6+ 1-0

[Event "AUTO-OPEN-3212"]
[Site "http://www.queenalice.com/game.php?id=1265446"]
[Date "2014.3.16"]
[Round "1"]
[White "ggg09"]
[Black "CCapivara"]
[Result "0-1"]
[WhiteElo "1789"]
[BlackElo "2191"]

1. e4 d6 2. d4 Nf6 3. Nc3 c6 4. a4 a5 5. Nf3 Bg4 6. h3 Bh5 7. Be2 Nbd7 8. Nh4
Bg6 9. Nxg6 hxg6 10. Bg5 e5 11. dxe5 dxe5 12. Qd2 Bb4 13. Rd1 Qc7 14. Bc4 O-O
15. Bxf6 Nxf6 16. Qe3 Rad8 17. O-O Bxc3 18. Qxc3 Nh5 19. Rxd8 Rxd8 20. g3 b6 21.
Kh2 Rd4 22. Re1 Qe7 23. Qe3 Rxc4 24. Qxb6 Rxc2 25. Rd1 Qf6 26. Kg1 Qf3 27. Qe3
Qxd1+ 0-1

[Event "Los Cuervos"]
[Site "http://www.queenalice.com/game.php?id=1267386"]
[Date "2014.3.22"]
[Round "5"]
[White "favos"]
[Black "ggg09"]
[Result "1-0"]
[WhiteElo "2048"]
[BlackElo "1746"]

1. Nf3 d5 2. c4 c6 3. Nc3 Bg4 4. Ne5 Bf5 5. cxd5 cxd5 6. e4 Bxe4 7. Bb5+ Nc6 8.
Nxc6 Qc7 9. Ne5+ Kd8 10. Nxf7+ Kc8 11. Qg4+ Kb8 12. d3 Bg6 13. Bf4 1-0

[Event "Mate in 1"]
[Site "http://www.queenalice.com/game.php?id=1268451"]
[Date "2014.3.27"]
[Round "3"]
[White "acam"]
[Black "ggg09"]
[Result "1-0"]
[WhiteElo "2262"]
[BlackElo "1776"]

1. e4 e6 2. d4 d5 3. e5 c5 4. Nf3 cxd4 5. Nxd4 Nc6 6. Bb5 Bd7 7. Bxc6 bxc6 8.
O-O c5 9. Nf3 Ne7 10. Bg5 Qc7 11. c4 Nc6 12. cxd5 Nxe5 13. dxe6 Bxe6 14. Nc3 Bg4
15. Qa4+ Qd7 16. Nxe5 Qxa4 17. Nxa4 Be6 18. Be3 Rc8 19. b3 c4 20. Rfc1 g6 21.
Nxc4 Bg7 22. Nd6+ Kd7 23. Nxc8 Bxa1 24. Nxa7 Bg7 25. Nc5+ Ke7 26. Nxe6 Kxe6 27.
Nb5 1-0

[Event "AUTO-OPEN-3104"]
[Site "http://www.queenalice.com/game.php?id=1270798"]
[Date "2014.4.6"]
[Round "2"]
[White "Constante"]
[Black "ggg09"]
[Result "1-0"]
[WhiteElo "2212"]
[BlackElo "1932"]

1. e4 e6 2. d4 d5 3. Nd2 c5 4. Ngf3 cxd4 5. Nxd4 Nc6 6. Bb5 Qb6 7. exd5 exd5 8.
Qe2+ Be7 9. N2b3 Bd7 10. Nxc6 Bxc6 11. Bxc6+ bxc6 12. Be3 Qc7 13. Bc5 Nf6 14.
O-O Rb8 15. Rfe1 Rb7 16. Na5 Rb5 17. Qxe7+ Qxe7 18. Rxe7+ Kd8 19. Nxc6+ Kc8 20.
Nxa7+ 1-0

[Event "AUTO-OPEN-3104"]
[Site "http://www.queenalice.com/game.php?id=1270799"]
[Date "2014.4.6"]
[Round "2"]
[White "ggg09"]
[Black "Constante"]
[Result "0-1"]
[WhiteElo "1957"]
[BlackElo "2149"]

1. e4 c5 2. Nf3 d6 3. d4 Nf6 4. Nc3 cxd4 5. Nxd4 a6 6. Bg5 Nbd7 7. Bc4 e6 8. O-O
Qc7 9. Bb3 Be7 10. Qf3 h6 11. Bxf6 Bxf6 12. Nde2 Ne5 13. Qf4 Ng6 14. Qf3 O-O 15.
Rab1 Be5 16. a3 b5 17. Na2 Bb7 18. Ng3 Rae8 19. Nb4 a5 20. Nd3 Kh8 21. Nxe5 Nxe5
22. Qe2 Qc6 23. Rbd1 f5 24. f3 Ng6 25. Qd3 Qc5+ 26. Qd4 Nf4 27. Qxc5 dxc5 28.
Rd7 Ba8 29. Rfd1 c4 30. Ba2 fxe4 31. Nxe4 Bxe4 32. fxe4 e5 33. Rb7 Ne2+ 34. Kh1
Rf2 35. Rxb5 c3 36. b3 Ref8 37. g3 Nd4 38. Rxe5 Nxc2 39. Rf5 R8xf5 40. exf5 Ne3
41. Re1 c2 42. Kg1 Rf1+ 0-1

[Event "AUTO-MASTER-1971"]
[Site "http://www.queenalice.com/game.php?id=1277028"]
[Date "2014.4.28"]
[Round "2"]
[White "sidneyjmg"]
[Black "ggg09"]
[Result "1-0"]
[WhiteElo "2451"]
[BlackElo "1903"]

1. e4 e6 2. Nf3 c5 3. Nc3 Nc6 4. Bb5 Nd4 5. O-O a6 6. Bd3 Ne7 7. Nxd4 cxd4 8.
Ne2 Nc6 9. c3 dxc3 10. bxc3 Bc5 11. Bc2 O-O 12. d4 Be7 13. d5 exd5 14. exd5 Ne5
15. d6 Bf6 16. Be3 Nc4 17. Qd3 g6 18. Qxc4 b5 19. Qc7 Be7 20. Be4 Qxc7 21. dxc7
Bc5 22. Bxc5 Re8 23. Bxa8 Rxe2 24. Rfe1 1-0

[Event "AUTO-MASTER-1971"]
[Site "http://www.queenalice.com/game.php?id=1277029"]
[Date "2014.4.28"]
[Round "2"]
[White "ggg09"]
[Black "sidneyjmg"]
[Result "0-1"]
[WhiteElo "1883"]
[BlackElo "2454"]

1. e4 e6 2. d4 d5 3. Nc3 Bb4 4. e5 c5 5. a3 Bxc3+ 6. bxc3 Ne7 7. Qg4 Ng6 8. Bd3
c4 9. Bxg6 hxg6 10. Nf3 Nc6 11. Bg5 Qa5 12. Bd2 Ne7 13. O-O Bd7 14. Ng5 Nf5 15.
Qf3 Kf8 16. Rfe1 Kg8 17. Re3 Rf8 18. Re2 Qa4 19. Ree1 Qxc2 20. Bf4 Nh4 21. Qe2
Qxc3 22. Qe3 Qxe3 23. Rxe3 Nf5 24. Ree1 Nxd4 25. a4 Nc2 26. a5 f6 27. Nf3 g5 28.
Be3 g4 29. Nd4 Nxa1 30. Rxa1 fxe5 31. Ne2 d4 32. Bg5 Rf5 33. Be7 Rfh5 34. g3 Kf7
35. Bh4 g5 0-1

[Event "AUTO-OPEN-3102"]
[Site "http://www.queenalice.com/game.php?id=1284429"]
[Date "2014.5.27"]
[Round "2"]
[White "clovis"]
[Black "ggg09"]
[Result "1-0"]
[WhiteElo "1961"]
[BlackElo "1956"]

1. e4 e6 2. d4 d5 3. exd5 exd5 4. c4 Nf6 5. Nc3 Bb4 6. Nf3 Bxc3+ 7. bxc3 O-O 8.
Be2 Ne4 9. Qc2 Re8 10. O-O Nxc3 11. Bd3 Ne4 12. cxd5 Qxd5 13. Re1 Bf5 14. Nh4 g6
15. Nxf5 gxf5 16. Qxc7 Nc6 17. Bb2 Nb4 18. Bc4 Qc6 19. Qxf7+ Kh8 20. d5+ 1-0

[Event "AUTO-OPEN-3102"]
[Site "http://www.queenalice.com/game.php?id=1284430"]
[Date "2014.5.27"]
[Round "2"]
[White "ggg09"]
[Black "clovis"]
[Result "1-0"]
[WhiteElo "1939"]
[BlackElo "1956"]

1. e4 e5 2. Nf3 Nc6 3. Bc4 Nf6 4. Ng5 d5 5. exd5 Na5 6. d3 h6 7. Nf3 e4 8. Ne5
Nxd5 9. dxe4 Nxc4 10. Nxc4 Nb6 11. Qxd8+ Kxd8 12. Ne5 Be6 13. f4 Bd6 14. Nd3 Ke7
15. e5 1-0

[Event "AUTO-OPEN-3102"]
[Site "http://www.queenalice.com/game.php?id=1284433"]
[Date "2014.5.27"]
[Round "2"]
[White "vult0"]
[Black "ggg09"]
[Result "1-0"]
[WhiteElo "2234"]
[BlackElo "1936"]

1. d4 e6 2. c4 f5 3. Nc3 Nf6 4. Nf3 Bb4 5. e3 Bxc3+ 6. bxc3 c5 7. Ba3 Qa5 8. Qb3
Nc6 9. Bxc5 b6 10. Bb4 Nxb4 11. cxb4 Qa6 12. c5 Qb7 13. Bb5 Qe4 14. Ng5 Qxg2 15.
Qxe6+ Kd8 16. Nf7+ Kc7 17. Qe5+ Kb7 18. Nd6+ Kc7 19. cxb6+ Kxb6 20. Qc5# 1-0

[Event "AUTO-OPEN-3102"]
[Site "http://www.queenalice.com/game.php?id=1284434"]
[Date "2014.5.27"]
[Round "2"]
[White "ggg09"]
[Black "vult0"]
[Result "0-1"]
[WhiteElo "1940"]
[BlackElo "2240"]

1. e4 e5 2. Nf3 Nc6 3. Bc4 Bc5 4. c3 Nf6 5. b4 Bb6 6. a4 Nxe4 7. O-O Nxf2 8.
Rxf2 Bxf2+ 9. Kxf2 e4 10. Qe2 d5 11. Bb3 O-O 12. Nd4 Qf6+ 13. Kg1 Nxd4 0-1